| 000 | 00698nas a2200229 4500 | ||
|---|---|---|---|
| 001 | BR8200818 | ||
| 003 | BR-BrBNA | ||
| 005 | 20231205085026.0 | ||
| 007 | ta | ||
| 008 | 230509b bl.|||p| |||| 00| 00por d | ||
| 040 |
_aBR-BrBNA _bpor _cBiblioteca Nacional de Agricultura |
||
| 041 | _a(Pt) | ||
| 072 | _aQ10 | ||
| 100 | 1 | _aSilveira, G. de B. | |
| 245 | 1 | _aAbaixo de zero [Tecnologia de alimento; Armazenamento de alimento] | |
| 650 | _aARMAZENAMENTO DE ALIMENTO | ||
| 650 | _aPRESERVACAO DE ALIMENTO | ||
| 650 | _aRESFRIAMENTO | ||
| 773 | 0 |
_tGranja (Brazil) _xISSN 0367-505X _g(Mar 1982), v. 37(410) p. 46-49 _wBR8200818 |
|
| 909 |
_a202311 _bLúcia _c55 _dLúcia Elande |
||
| 942 |
_2AGRIS _n0 _cANA |
||
| 999 |
_c108747 _d108747 |
||